| 000 | 00596nam a22001457a 4500 | ||
|---|---|---|---|
| 020 | _a978-0-141-32724-2 | ||
| 082 |
_a823 _bSTR/C |
||
| 100 | _aSTRONG, STRONG | ||
| 245 |
_aCHRISTMAS CHAOS _bfor the hundred mile an hour dog |
||
| 260 |
_aNEW YORK _bPUFFIN BOOKS _c2009 |
||
| 300 | _a133 | ||
| 520 | _aThe story focuses on these poor but dedicated thespians doing their best while chaos is all around them. This fast-paced play is a hilarious backstage comedy that pokes fun at the classic novel and everything that can go wrong with a theatrical production. | ||
| 650 | _ashort story | ||
| 942 | _cBK | ||
| 999 |
_c6481 _d6481 |
||